000 00452nam a2200181Ia 4500
001 9497
005 20260306161722.0
008 260306t2005||||xx |||||||||||||| ||spa||
041 _aESP
082 _a379.83
_bB148
100 _aBitar Ch., Sergio
_eAUT
245 0 _aEducación nuestra riqueza:
_bChile educa para el siglo XXI
260 _c2005
300 _a279 páginas :
_c24 cm.
650 _aGEN
654 _aCED
942 _cLIB
_dJUS
_fJUS
_2ddc
_n
999 _c9497
_d9497